| 000 | 00449nam a2200133 4500 | ||
|---|---|---|---|
| 008 | 180112b xxu||||| |||| 00| 0 eng d | ||
| 082 | _aDPer 050 Dec 2015-Mar 2016 T48 | ||
| 100 |
_925600 _aWorland, Justin. |
||
| 245 |
_aDegrees of global warming/ _cJustin Worland. |
||
| 260 |
_aNew York : _bTime Inc., _cDec 2015-Mar 2016. |
||
| 300 |
_av186 n27-28, pages 8-9: _billustrations; _c27 cm. |
||
| 650 | 0 |
_925601 _aGreenhouse effect. |
|
| 942 |
_2ddc _cPER |
||
| 999 |
_c8277 _d8277 |
||